The complete book of sportfishing
| Format: | Book |
|---|---|
| Published: |
London :
Grange Books ,
1988
|
| Subjects: |
MARC
| LEADER | 00000cam a2200000 7i4500 | ||
|---|---|---|---|
| 001 | 0000002308 | ||
| 002 | 000002513 | ||
| 005 | 20000330.0 | ||
| 020 | |a 1856273121 | ||
| 090 | 0 | 0 | |a 799.12 |b COM |
| 245 | 0 | 4 | |a The complete book of sportfishing |
| 260 | |a London : |b Grange Books , |c 1988 | ||
| 300 | |a 284p. : |b 30cm | ||
| 650 | 0 | 0 | |a Angling |
| 999 | |a 035777 |b BUKU |c RUJUKAN |e PERPUSTAKAAN KOMUNITI PETALING JAYA | ||